How the internet works

Saved in:
Bibliographic Details
Main Author: Gralla
Format: Book
Published: lb lc
Tags: Add Tag
No Tags, Be the first to tag this record!
Call Number :TR5105. G585

MARC

LEADER 00000pam a2200000 4500
001 7232
003 MY-KLNDU
005 20241218052402.0
035 |a 0000009378 
039 9 |y 200910081444  |z VLOAD 
090 0 0 |a TR5105.  |b G585 
100 1 0 |a Gralla  |h Preston 
245 1 0 |a How the internet works  |c Preston Gralla 
260 0 0 |a lb lc 
999 |a vtls000007369  |c 7232  |d 7232